The big bang / (Record no. 6738)

MARC details
000 -LEADER
fixed length control field 00772cam a2200265 a 4500
001 - CONTROL NUMBER
control field 2910236
003 - CONTROL NUMBER IDENTIFIER
control field OSt
005 - DATE AND TIME OF LATEST TRANSACTION
control field 20200311111902.0
008 - FIXED-LENGTH DATA ELEMENTS--GENERAL INFORMATION
fixed length control field 880512s1989 nyuaf b 001 0 eng
010 ## - LIBRARY OF CONGRESS CONTROL NUMBER
LC control number 88016497
020 ## - INTERNATIONAL STANDARD BOOK NUMBER
International Standard Book Number 071671812X
040 ## - CATALOGING SOURCE
Original cataloging agency DLC
Transcribing agency DLC
Modifying agency OCoLC
-- DLC
082 00 - DEWEY DECIMAL CLASSIFICATION NUMBER
Classification number 530
Edition number 19
Item number SIL 1989
100 1# - MAIN ENTRY--PERSONAL NAME
Personal name Silk, Joseph,
Dates associated with a name 1942-
9 (RLIN) 8147
245 14 - TITLE STATEMENT
Title The big bang /
Statement of responsibility, etc. Joseph Silk.
250 ## - EDITION STATEMENT
Edition statement Rev. and updated ed.
260 ## - PUBLICATION, DISTRIBUTION, ETC. (IMPRINT)
Place of publication, distribution, etc. New York :
Name of publisher, distributor, etc. W.H. Freeman,
Date of publication, distribution, etc. 1989.
300 ## - PHYSICAL DESCRIPTION
Extent xiii, 485 p., [8] p. of plates :
Other physical details col.ill ;
Dimensions 23 cm.
500 ## - GENERAL NOTE
General note Includes index.
504 ## - BIBLIOGRAPHY, ETC. NOTE
Bibliography, etc Bibliography: p. 451-452.
650 #0 - SUBJECT ADDED ENTRY--TOPICAL TERM
Topical term or geographic name as entry element Cosmology.
9 (RLIN) 3606
650 #0 - SUBJECT ADDED ENTRY--TOPICAL TERM
Topical term or geographic name as entry element Big bang theory.
9 (RLIN) 8148
906 ## - LOCAL DATA ELEMENT F, LDF (RLIN)
a 7
b cbc
c orignew
d 1
e ocip
f 19
g y-gencatlg
942 ## - ADDED ENTRY ELEMENTS (KOHA)
Source of classification or shelving scheme Dewey Decimal Classification
Koha item type Open Shelf
Holdings
Withdrawn status Lost status Source of classification or shelving scheme Damaged status Not for loan Home library Current library Date acquired Source of acquisition Inventory number Total Checkouts Full call number Barcode Date last seen Price effective from Koha item type
    Dewey Decimal Classification     MUST Main Library MUST Main Library 11/03/2020 Purchase 2012/36345   530 SIL 1989 2020-0679 11/03/2020 11/03/2020 Open Shelf
    Dewey Decimal Classification     MUST Main Library MUST Main Library 24/06/2024 Purchase 12/36346   530 SIL 1989 2024-21039 24/06/2024 24/06/2024 Open Shelf